Brentford Squad 25/26 - Statistics

General Stats
  • This quiz has been taken 32 times
    30 since last reset
  • The average score is 15 of 29
Answer Stats
# Nation Former Club Answer % Correct
7 Germany Freiburg Kevin Schade
92%
1 Ireland Liverpool Caoimhin Kelleher
79%
2 Scotland Bologna Aaron Hickey
67%
5 Jamaica Barnsley Ethan Pinnock
63%
9 Brazil Club Brugge Igor Thiago
63%
6 England Ajax Jordan Henderson
63%
24 Denmark Sampdoria Mikkel Damsgaard
63%
22 Ireland Wolves Nathan Collins
63%
4 Netherlands Liverpool Sepp van den Berg
63%
14 Portugal Liverpool Fabio Carvalho
58%
11 England Arsenal Reiss Nelson
58%
15 Nigeria Midtjylland Frank Onyeka
54%
20 Norway Celtic Kristoffer Ajer
54%
8 Denmark Celta Mathias Jensen
54%
3 England Walsall Rico Henry
54%
19 Burkina Faso Bournemouth Dango Ouattara
50%
12 Iceland Elfsborg Hakon Valdimarsson
50%
33 Italy Fiorentina Michael Kayode
50%
27 Germany Bochum Vitaly Janelt
50%
23 England Hull City Keane Lewis-Potter
46%
17 Netherlands Feyenoord Antoni Milambo
42%
26 Turkey Sivasspor Yunus Konak
42%
39 Brazil Gremio Gustavo Nunes
38%
18 Ukraine Dnipro-1 Yehor Yarmoliuk
38%
13 England Youth Matthew Cox
33%
32 England Youth Paris Maghoma
33%
25 Jamaica Youth Myles Peart-Harris
29%
45 England Birmingham Romelle Donovan
25%
31 England Youth Ellery Balcombe
17%
No matching quizzes found
Score Distribution
Percent of People with Each Score
Percentile by Number Answered
Your Score History
You have not taken this quiz since the last reset